[Event "Titled Tuesday intern op 23rd Apr Late"]
[Site "Chess.com INT"]
[Date "2024.04.23"]
[Round "6"]
[White "McCamon, Boyd"]
[Black "Boder, Jan"]
[Result "0-1"]
[WhiteElo "2260"]
[BlackElo "2328"]
[PlyCount "106"]
[EventDate "2024.04.23"]
[EventType "swiss (blitz)"]
[EventRounds "11"]
[EventCountry "USA"]
[SourceTitle "CBM 219 Extra"]
[Source "ChessBase"]
[SourceDate "2024.05.31"]
[SourceVersion "1"]
[SourceVersionDate "2024.05.31"]
[SourceQuality "1"]

1. d4 Nf6 2. Bg5 Ne4 3. Bf4 d5 4. e3 e6 5. Bd3 Bd6 6. Ne2 0-0 7. 0-0 Bxf4 8. Nxf4 b6 9. Nd2 Nxd2 10. Qxd2 Ba6 11. h3 c5 12. c3 Bxd3 13. Nxd3 Nd7 14. a4 Qc7 15. Rfc1 e5 16. dxe5 Nxe5 17. Nxe5 Qxe5 18. Rd1 Rad8 19. c4 d4 20. exd4 Rxd4 21. Qc2 Rfd8 22. Re1 Qf6 23. Rad1 g6 24. b3 Qf4 25. Rxd4 Rxd4 26. Rd1 h5 27. a5 Qd6 28. Re1 Qf4 29. Rd1 Kh7 30. axb6 axb6 31. Qe2 Kg7 32. Rd3 Re4 33. Qd1 Qe5 34. Kf1 Qh2 35. f3 Re6 36. Rd7 Re3 37. Rd3 Qe5 38. Rxe3 Qxe3 39. h4 Qe5 40. Qe1 Qd4 41. Qe2 Qxh4 42. Qe5+ Qf6 43. Qc7 Qa1+ 44. Kf2 Qf6 45. Kg3 g5 46. Kf2 h4 47. Qc8 Qd4+ 48. Ke2 Qe5+ 49. Kf1 Qe6 50. Qc7 h3 51. gxh3 Qxh3+ 52. Kf2 Qe6 53. Qg3 Kf6 0-1

[Event "Titled Tuesday intern op 16th Apr Late"]
[Site "Chess.com INT"]
[Date "2024.04.16"]
[Round "4"]
[White "Radhakrishnan, Sharath"]
[Black "McCamon, Boyd"]
[Result "1-0"]
[WhiteElo "1963"]
[BlackElo "2260"]
[PlyCount "75"]
[EventDate "2024.04.16"]
[EventType "swiss (blitz)"]
[EventRounds "11"]
[EventCountry "USA"]
[SourceTitle "CBM 219 Extra"]
[Source "ChessBase"]
[SourceDate "2024.05.31"]
[SourceVersion "1"]
[SourceVersionDate "2024.05.31"]
[SourceQuality "1"]

1. e4 Nf6 2. e5 Nd5 3. d4 d6 4. Nf3 g6 5. c4 Nb6 6. Nc3 Bg7 7. exd6 cxd6 8. Be2 0-0 9. 0-0 Nc6 10. Be3 Bg4 11. b3 d5 12. c5 Nc8 13. h3 Bxf3 14. Bxf3 e6 15. Rc1 N8e7 16. Nb5 Nf5 17. g4 Nxe3 18. fxe3 Qg5 19. Qe2 Bh6 20. Rce1 f5 21. Nd6 Rab8 22. Kh1 Qh4 23. Qg2 Kh8 24. gxf5 gxf5 25. Rg1 Qf6 26. Qh2 Ne7 27. Bh5 Ng6 28. Bxg6 hxg6 29. Qg2 Rg8 30. Qf3 Kh7 31. b4 g5 32. b5 Rg7 33. e4 g4 34. Qf2 gxh3 35. exf5 Rbg8 36. Rxg7+ Rxg7 37. Rxe6 Qxf5 38. Qxf5+ 1-0

[Event "Titled Tuesday intern op 19th Mar Late"]
[Site "Chess.com INT"]
[Date "2024.03.19"]
[Round "9"]
[White "Liwak, Przemyslaw"]
[Black "McCamon, Boyd"]
[Result "1-0"]
[WhiteElo "2342"]
[BlackElo "2260"]
[PlyCount "83"]
[EventDate "2024.03.19"]
[EventType "swiss (blitz)"]
[EventRounds "11"]
[EventCountry "USA"]
[SourceTitle "EXT 2025"]
[Source "ChessBase"]
[SourceDate "2024.10.14"]
[SourceVersion "1"]
[SourceVersionDate "2024.10.14"]
[SourceQuality "1"]

1. e4 Nf6 2. e5 Nd5 3. d4 d6 4. Nf3 dxe5 5. Nxe5 g6 6. Bc4 Be6 7. Qe2 Bg7 8. 0-0 0-0 9. c3 Nd7 10. Nf3 c5 11. Ng5 N7b6 12. Nxe6 fxe6 13. Qxe6+ Kh8 14. Bxd5 Nxd5 15. dxc5 Rc8 16. Bg5 Rf5 17. Bh4 Re5 18. Qg4 Rxc5 19. Rd1 Qf8 20. Bg3 Rf5 21. Nd2 Nf6 22. Qe2 Nh5 23. Ne4 Nxg3 24. hxg3 Rc8 25. Re1 b5 26. a3 a5 27. Rad1 Rb8 28. g4 Re5 29. Qd3 b4 30. axb4 axb4 31. c4 Qf4 32. f3 Ra5 33. b3 Ra2 34. Re2 Rxe2 35. Qxe2 Rf8 36. Qd2 Qc7 37. Qxb4 Rc8 38. Qb5 Rd8 39. Rxd8+ Qxd8 40. Qd5 Qb6+ 41. c5 Qxb3 42. Qxb3 1-0

[Event "Titled Tuesday intern op 27th Feb Late"]
[Site "Chess.com INT"]
[Date "2024.02.27"]
[Round "3"]
[White "Gubajdullin, Alexey"]
[Black "McCamon, Boyd"]
[Result "1-0"]
[WhiteElo "2253"]
[BlackElo "2260"]
[PlyCount "75"]
[EventDate "2024.02.27"]
[EventType "swiss (blitz)"]
[EventRounds "11"]
[EventCountry "USA"]
[SourceTitle "CBM 219 Extra"]
[Source "ChessBase"]
[SourceDate "2024.05.31"]
[SourceVersion "1"]
[SourceVersionDate "2024.05.31"]
[SourceQuality "1"]

1. Nf3 g6 2. g3 Bg7 3. Bg2 c5 4. 0-0 Nc6 5. c4 e5 6. Nc3 d6 7. Ne1 Be6 8. d3 Qd7 9. Nc2 Bh3 10. Bxh3 Qxh3 11. Nd5 Nf6 12. Nxf6+ Bxf6 13. Ne3 h5 14. Nd5 Bd8 15. f3 h4 16. g4 f5 17. e3 Ne7 18. Nxe7 Kxe7 19. Qe2 Bc7 20. Bd2 fxg4 21. fxg4 Raf8 22. e4 Rxf1+ 23. Rxf1 Rf8 24. Bg5+ Ke8 25. Rxf8+ Kxf8 26. Qf1+ Qxf1+ 27. Kxf1 h3 28. Kf2 Kf7 29. Kg3 Ba5 30. Kxh3 Be1 31. Kg2 a6 32. a4 Ba5 33. b3 Bc3 34. Kf3 Bb4 35. h4 Be1 36. h5 gxh5 37. gxh5 Ba5 38. Kg4 1-0

[Event "Titled Tuesday intern op 27th Feb Late"]
[Site "Chess.com INT"]
[Date "2024.02.27"]
[Round "5"]
[White "McCamon, Boyd"]
[Black "Gurevich, Dmitry"]
[Result "0-1"]
[WhiteElo "2260"]
[BlackElo "2357"]
[PlyCount "62"]
[EventDate "2024.02.27"]
[EventType "swiss (blitz)"]
[EventRounds "11"]
[EventCountry "USA"]
[SourceTitle "CBM 219 Extra"]
[Source "ChessBase"]
[SourceDate "2024.05.31"]
[SourceVersion "1"]
[SourceVersionDate "2024.05.31"]
[SourceQuality "1"]

1. d4 Nf6 2. Bg5 c5 3. Nc3 cxd4 4. Qxd4 Nc6 5. Qh4 e6 6. 0-0-0 Be7 7. e4 d6 8. f4 Qc7 9. Nf3 a6 10. Kb1 b5 11. Bd3 Bb7 12. Rhe1 0-0-0 13. e5 dxe5 14. Nxe5 h6 15. Bxf6 Bxf6 16. Qg3 Rhg8 17. Ne4 Nxe5 18. fxe5 Bxe4 19. Bxe4 Bxe5 20. Rxd8+ Rxd8 21. Qa3 Qd6 22. Qf3 Bf6 23. a4 Qd4 24. Qb3 Qxa4 25. Qf3 Bxb2 26. Kxb2 Qb4+ 27. Ka2 Qxe1 28. Bb7+ Kb8 29. Qc6 Qa5+ 30. Kb2 Qb4+ 31. Ka2 Qc4+ 0-1

[Event "Titled Tuesday intern op 06th Feb Late"]
[Site "Chess.com INT"]
[Date "2024.02.06"]
[Round "2"]
[White "McCamon, Boyd"]
[Black "Gutierrez Olivares, Daniel"]
[Result "0-1"]
[WhiteElo "2260"]
[BlackElo "2354"]
[PlyCount "84"]
[EventDate "2024.02.06"]
[EventType "swiss (blitz)"]
[EventRounds "11"]
[EventCountry "USA"]
[SourceTitle "CBM 218 Extra"]
[Source "ChessBase"]
[SourceDate "2024.03.31"]
[SourceVersion "1"]
[SourceVersionDate "2024.03.31"]
[SourceQuality "1"]

1. d4 e6 2. e4 d5 3. e5 c5 4. Nf3 Nc6 5. Bd3 Bd7 6. 0-0 Nge7 7. Bf4 cxd4 8. Nbd2 Ng6 9. Bg3 Be7 10. Nb3 f5 11. exf6 Bxf6 12. Bxg6+ hxg6 13. Nbxd4 0-0 14. Nxc6 bxc6 15. Ne5 Be8 16. c3 Qb6 17. Rb1 c5 18. Qc2 g5 19. Rfe1 Rd8 20. Rbd1 Bh5 21. f3 d4 22. c4 a5 23. h3 Rfe8 24. Kh1 a4 25. Rd2 a3 26. b3 Qb4 27. Nc6 Qb6 28. Nxd8 Qxd8 29. Be5 Be7 30. Qe4 Kf7 31. g4 Bg6 32. Qe2 Rh8 33. Kg2 d3 34. Qe3 Re8 35. f4 gxf4 36. Rf1 Kg8 37. Rxf4 Bg5 38. Kg3 Bh4+ 39. Kg2 Bg5 40. Kg3 Bxf4+ 41. Qxf4 Rf8 42. Qg5 Qxg5 0-1

[Event "Titled Tuesday intern op 06th Feb Late"]
[Site "Chess.com INT"]
[Date "2024.02.06"]
[Round "3"]
[White "Silva Lucena, Cristian"]
[Black "McCamon, Boyd"]
[Result "1-0"]
[WhiteElo "2340"]
[BlackElo "2260"]
[PlyCount "81"]
[EventDate "2024.02.06"]
[EventType "swiss (blitz)"]
[EventRounds "11"]
[EventCountry "USA"]
[SourceTitle "CBM 218 Extra"]
[Source "ChessBase"]
[SourceDate "2024.03.31"]
[SourceVersion "1"]
[SourceVersionDate "2024.03.31"]
[SourceQuality "1"]

1. d4 Nc6 2. Nf3 d5 3. Bf4 Bg4 4. e3 Nf6 5. Be2 e6 6. c4 Bb4+ 7. Nbd2 Ne4 8. 0-0 Bxf3 9. Nxf3 Bd6 10. Bg3 Nxg3 11. hxg3 0-0 12. Qb3 Na5 13. Qc3 Nxc4 14. Bxc4 dxc4 15. Qxc4 Rc8 16. b4 Qe7 17. a3 c6 18. Rac1 h6 19. Qd3 Rcd8 20. Qe4 a5 21. bxa5 Bxa3 22. Rb1 Bb4 23. Qe5 Rd5 24. Qf4 Bxa5 25. e4 Rdd8 26. g4 Bc7 27. Qe3 Bb8 28. g5 hxg5 29. Nxg5 Qf6 30. Nf3 b5 31. e5 Qg6 32. Rbc1 Rc8 33. g3 Ba7 34. Kg2 Rfd8 35. Rh1 c5 36. dxc5 Rd3 37. Qf4 Rxc5 38. Qh4 Kf8 39. Qh8+ Ke7 40. Qa8 Rd7 41. Rh8 1-0

[Event "Titled Tuesday intern op 23rd Jan Late"]
[Site "Chess.com INT"]
[Date "2024.01.23"]
[Round "7"]
[White "Banerjee, Supratit"]
[Black "McCamon, Boyd"]
[Result "1-0"]
[WhiteElo "1984"]
[BlackElo "2260"]
[PlyCount "85"]
[EventDate "2024.01.23"]
[EventType "swiss (blitz)"]
[EventRounds "11"]
[EventCountry "USA"]
[SourceTitle "CBM 218 Extra"]
[Source "ChessBase"]
[SourceDate "2024.03.31"]
[SourceVersion "1"]
[SourceVersionDate "2024.03.31"]
[SourceQuality "1"]

1. e4 Nf6 2. e5 Nd5 3. c4 Nb6 4. d4 d6 5. exd6 cxd6 6. Nf3 g6 7. Nc3 Bg7 8. Be2 Bg4 9. 0-0 Nc6 10. Be3 Bxf3 11. Bxf3 Nxc4 12. Bxc6+ bxc6 13. Qa4 Nb6 14. Qxc6+ Qd7 15. Qxd7+ Kxd7 16. b3 Rac8 17. Nb5 a6 18. Na3 d5 19. Rac1 Rxc1 20. Rxc1 Rc8 21. Rxc8 Kxc8 22. Nc2 Kd7 23. Kf1 Kc6 24. Ke2 a5 25. Kd3 Kb5 26. Na3+ Kc6 27. Bd2 a4 28. b4 f6 29. b5+ Kb7 30. Nc2 e5 31. Nb4 e4+ 32. Ke2 f5 33. Bc3 Kc7 34. Na6+ Kd6 35. Bb4+ Ke6 36. Bc5 Nd7 37. b6 Nxc5 38. dxc5 d4 39. b7 d3+ 40. Kd1 Be5 41. c6 f4 42. c7 Bxc7 43. Nxc7+ 1-0